00426nam a22001457a 4500008004100000040005500041080002100096100002400117245003800141260004300179300001400222365001500236650001300251653001600264230511b |||||||| |||| 00| 0 eng d aNational Science LibrarycNational Science Library a808.67.03 bK9;1 aChakraborty, Ashit  aTranslation in medieval Bulgaria  aCalcutta: bIndranath Mojumder, c1969 axiv, 80p. b15.00cINR aLanguage aTranslater